El trabajo y su reglamentacion en America / (Registro nro. 28638)

Detalles MARC
000 -LEADER
fixed length control field 01318nam a2200253Ia 4500
003 - CONTROL NUMBER IDENTIFIER
control field CO-CtgCURN
005 - DATE AND TIME OF LATEST TRANSACTION
control field 20250407233627.0
008 - FIXED-LENGTH DATA ELEMENTS--GENERAL INFORMATION
fixed length control field 190723s9999 xx 000 0 und d
020 ## - INTERNATIONAL STANDARD BOOK NUMBER
International Standard Book Number 9586906841
040 ## - CATALOGING SOURCE
Original cataloging agency CO-CtgCURN
Language of cataloging spa
Transcribing agency coctgcurn
082 ## - DEWEY DECIMAL CLASSIFICATION NUMBER
Classification number 344.01
Item number G934
100 ## - MAIN ENTRY--PERSONAL NAME
Personal name Guerrero Figueroa, Guillermo
Dates associated with a name 1934-
245 #0 - TITLE STATEMENT
Title El trabajo y su reglamentacion en America /
Statement of responsibility, etc. Guillermo Guerrero Figueroa
260 ## - PUBLICATION, DISTRIBUTION, ETC.
Place of publication, distribution, etc. Bogotá, Colombia :
Name of publisher, distributor, etc. Leyer,
Date of publication, distribution, etc. 2004
300 ## - PHYSICAL DESCRIPTION
Extent 225 páginas ;
Dimensions 22 centímetros
504 ## - BIBLIOGRAPHY, ETC. NOTE
Bibliography, etc. note Incluye referencias bibliográficas (p. [223]-225)
505 ## - FORMATTED CONTENTS NOTE
Formatted contents note Seccion I. Generalidades sobre la evolucion y reglamentacion del trabajo -- Doctrinas sociales en la reglamentacion del trabajo -- Otros factores en la reglamentación del trabajo -- El trabajo y su reglamentación en los pueblos de América precolombina -- El trabajo y su reglamentacion en al America hispanica -- El trabajo y su reglamentacion en la América libre -- El trabajo y su reglamentacion en Colombia -- Importancia del trabajo humano.
521 ## - TARGET AUDIENCE NOTE
Target audience note AREA PROFESIONAL
590 ## - LOCAL NOTE (RLIN)
Local note Programa de Derecho_18
650 ## - SUBJECT ADDED ENTRY--TOPICAL TERM
Topical term or geographic name entry element Derecho laboral
Geographic subdivision America Latina
650 ## - SUBJECT ADDED ENTRY--TOPICAL TERM
Topical term or geographic name entry element Trabajo
General subdivision Historia
942 ## - ADDED ENTRY ELEMENTS (KOHA)
Koha item type Libros
Classification part 344.01
Item part G934
Koha issues (borrowed), all copies 1
Source of classification or shelving scheme Dewey Decimal Classification
Suppress in OPAC No
Existencias
Withdrawn status Lost status Damaged status Not for loan Collection Home library Current library Shelving location Date acquired Inventory number Total checkouts Full call number Barcode Date last seen Date last checked out Copy number Price effective from Koha item type
          Miguel Henríquez Castañeda Barranquilla Miguel Henríquez Castañeda Barranquilla General 05/23/2018 01558 1 344.01 G934 01558 02/13/2020 02/06/2020 ej.1 07/23/2019 Libros